Emperor of Japan : meiji and his world, 1852-1912 /

書誌詳細
第一著者: Keene, Donald
フォーマット: 図書
言語:English
出版事項: New York : Columbia University Press, c2002.
主題:
Classic Catalogue: View this record in Classic Catalogue
LEADER 01729nam a22003854a 4500
001 45770
003 BD-DhAAL
005 20260518101819.0
008 260518t2002 nyua b 001 0beng
010 |a  2001028826 
020 |a 023112340X 
020 |a 9780231123419 
020 |a 9780231518116 (e-book) 
035 |a 12375718 
040 |a DLC  |c DLC  |d DLC  |d BD-DhAAL 
042 |a pcc 
043 |a a-ja--- 
050 0 0 |a DS882.7  |b .K44 2002 
082 0 0 |a 952.031092  |2 21 
100 1 |a Keene, Donald.  |9 60607 
245 1 0 |a Emperor of Japan :  |b meiji and his world, 1852-1912 /  |c Donald Keene. 
246 8 |a Emperor of Japan 
260 |a New York :  |b Columbia University Press,  |c c2002. 
300 |a xiii, 922 pages :  |b illustrations ;  |c 23 cm 
504 |a Includes bibliographical references (p. [867]-879) and index. 
526 8 |a AAL 
541 |a Donated by Embassy of Japan in Bangladesh, Read Japan Project 2025, The Tokyo Foundation, supported by The Nippon Foundation.   |e 45770 
600 0 0 |a Meiji,  |c Emperor of Japan,  |d 1852-1912.  |9 60824 
650 0 |a Emperors  |z Japan  |v Biography.  |9 60825 
651 0 |a Japan  |x History  |y Meiji period, 1868-1912.  |9 60785 
655 7 |a Biographies. 
852 1 |a Ayesha Abed Library  |c General Stacks 
942 |2 ddc  |c BK 
999 |c 47974  |d 47974 
952 |0 0  |1 0  |2 ddc  |4 0  |6 952_031092000000000_KEE  |7 0  |9 79221  |a BRACUL  |b BRACUL  |d 2026-05-18  |e Donated by Embassy of Japan in Bangladesh, Read Japan Project 2025, The Tokyo Foundation, supported by The Nippon Foundation.  |l 0  |o 952.031092 KEE  |p 3010045770  |r 2026-05-18  |t 1  |w 2026-05-18  |y BK  |x Donated copy received from Embassy of Japan in Bangladesh, Read Japan Project 2025, The Tokyo Foundation, supported by The Nippon Foundation on 08 April 2026; $19.61